Lịch sử Văn học Việt Nam

Zapisane w:
Opis bibliograficzny
1. autor: Nguyễn Đăng Mạnh
Format: Książka
Etykiety: Dodaj etykietę
Nie ma etykietki, Dołącz pierwszą etykiete!
Thư viện lưu trữ: Mạng thư viện Đại học Đà Nẵng
LEADER 00696nam a2200217 4500
001 000004609
003 748
005 20150812140815.0
008 110729s sd
100 0 |a Nguyễn Đăng Mạnh 
245 0 0 |a Lịch sử Văn học Việt Nam  |c Nguyễn Đăng Mạnh 
774 |a Nguyễn Đăng Mạnh  |b In lần thứ hai  |d H.  |d Đại học Sư Phạm  |d 2004  |g Tập 3  |h 562 tr.  |w 749 
774 |d H.  |d Đại học Sư Phạm  |d 2002  |g Tập 3  |h 563 tr.  |w 10533 
OWN |a LSP 
999 |a From the UDN01 
TYP |a Monograph 
TYP |a Printed language 
980 |a Mạng thư viện Đại học Đà Nẵng